| Tag |
First Indicator |
Second Indicator |
Subfields |
| LEADER |
00000nam a2200000Ia 4500 |
| 001 |
in00004333713 |
| 005 |
20200812093200.0 |
| 006 |
m g d |
| 007 |
cr bn |||a|bb| |
| 008 |
051129s1697 enk o 000 0 eng d |
| 035 |
|
|
|a (OCoLC)62369281
|
| 040 |
|
|
|a UMI
|c UMI
|e dcrb
|
| 037 |
|
|
|a CL0037000125
|b ProQuest Information and Learning. 300 N. Zeeb Rd., Ann Arbor, MI 48106
|
| 043 |
|
|
|a e-uk---
|
| 090 |
|
|
|a DA463
|b 1697
|
| 049 |
|
|
|a UMIA
|
| 100 |
1 |
|
|a Fenwick, John,
|c Sir,
|d 1645?-1697.
|
| 245 |
1 |
2 |
|a A true copy of the paper delivered by Sir John Fenwicke, Baronet, to the sheriffs of London, and Midlesex on Tower Hill, the place of execution, Thursday January 28 1696/7.
|
| 260 |
|
|
|a London :
|b Printed by J. Orme for R. Bentley in Covent-Garden, and A. Bosvile in Fleetstreet,
|c 1697.
|
| 300 |
|
|
|a 1 online resource (1 sheet ([2] pages).
|
| 336 |
|
|
|a text
|b txt
|2 rdacontent
|
| 337 |
|
|
|a computer
|b c
|2 rdamedia
|
| 338 |
|
|
|a online resource
|b cr
|2 rdacarrier
|
| 500 |
|
|
|a Caption title.
|
| 500 |
|
|
|a Imprint from colophon.
|
| 500 |
|
|
|a "Published by authority."
|
| 500 |
|
|
|a Reproduction of original in: British Library.
|
| 510 |
4 |
|
|a Wing (2nd edition)
|c F723A
|
| 533 |
|
|
|a Electronic reproduction.
|b Ann Arbor, Mich. :
|c UMI,
|d 1999-
|f (Early English books online)
|n Digital version of: (Early English Books, 1641-1700 ; 2849:3)
|7 s1999 miun s
|
| 600 |
1 |
0 |
|a Fenwick, John,
|c Sir,
|d 1645?-1697.
|
| 600 |
1 |
0 |
|a James
|b I,
|c King of England,
|d 1566-1625.
|
| 651 |
|
0 |
|a Great Britain
|x History
|y William and Mary, 1689-1702
|v Sources.
|
| 651 |
|
0 |
|a Great Britain
|x Politics and government
|y 1689-1702
|v Sources.
|
| 655 |
|
7 |
|a Broadsides
|z England
|y 17th century.
|2 rbgenr
|
| 830 |
|
0 |
|a Early English books online.
|
| 856 |
4 |
0 |
|u http://proxy.library.tamu.edu/login?url=https://search.proquest.com/docview/2240866136
|z Connect to the full text of this electronic book
|t 0
|
| 994 |
|
|
|a 02
|b UMI
|
| 999 |
f |
f |
|s 439d29e1-77d7-3758-98e0-5739596f60ca
|i 6215a4d2-1d7f-3735-b195-e90ddb21ca34
|t 0
|
| 952 |
f |
f |
|a Texas A&M University
|b College Station
|c Electronic Resources
|d Available Online
|t 0
|e DA463 1697
|h Library of Congress classification
|
| 998 |
f |
f |
|a DA463 1697
|t 0
|l Available Online
|